Protikrízový manažment

Kríza a protikrízové plánovanie ako jedna z pracovných metód a možností v boji proti rizikám a neštandardným hrozbám. Tri prekonateľné bariéry človeka. Výhody a nevýhody krízy. Krízový manažment. Ciele krízového manažmentu. Hlavné úlohy krízového manažmentu. Princípy manažmentu a ich význam pre krí...

Descripción completa

Guardado en:
Detalles Bibliográficos
Autor principal: Burák, Emil
Formato: Capítulo de libro
Lenguaje:eslovaco
Materias:
Etiquetas: Agregar Etiqueta
Sin Etiquetas, Sea el primero en etiquetar este registro!

MARC

LEADER 00000naa a2200000 4500
001 0135301
005 20231006124304.5
041 0 |a slo 
044 |a SK 
245 1 0 |a Protikrízový manažment  |c Emil Burák 
520 |a Kríza a protikrízové plánovanie ako jedna z pracovných metód a možností v boji proti rizikám a neštandardným hrozbám. Tri prekonateľné bariéry človeka. Výhody a nevýhody krízy. Krízový manažment. Ciele krízového manažmentu. Hlavné úlohy krízového manažmentu. Princípy manažmentu a ich význam pre krízové riadenie. 
610 2 0 |a riadenie strategické 
610 2 0 |a manažment krízový 
610 2 0 |a manažment strategický 
100 1 |a Burák, Emil